<?xml version="1.0" encoding="UTF-8"?>
<marc:record xmlns:marc="http://www.loc.gov/MARC21/slim">
   <marc:leader>00000nam a2200000 a 4500</marc:leader>
   <marc:datafield ind1="1" ind2=" " tag="100">
      <marc:subfield code="a">Gamberale, Chiara</marc:subfield>
      <marc:subfield code="4">aut</marc:subfield>
      <marc:subfield code="e">Verfasser/-in</marc:subfield>
   </marc:datafield>
   <marc:datafield ind1="1" ind2=" " tag="100">
      <marc:subfield code="a">Fröhlich, Katrin</marc:subfield>
      <marc:subfield code="4">stl</marc:subfield>
      <marc:subfield code="e">Erzähler/-in</marc:subfield>
   </marc:datafield>
   <marc:datafield ind1="1" ind2=" " tag="100">
      <marc:subfield code="a">Schneider, Valerie</marc:subfield>
      <marc:subfield code="4">trl</marc:subfield>
      <marc:subfield code="e">Übersetzer/-in</marc:subfield>
   </marc:datafield>
   <marc:datafield ind1="0" ind2="0" tag="245">
      <marc:subfield code="a">Das 10-Minuten-Projekt</marc:subfield>
   </marc:datafield>
   <marc:datafield ind1="0" ind2="0" tag="245">
      <marc:subfield code="c">Chiara Gamberale ; Deutsch von Valerie Schneider ; Sprecherin: Katrin Fröhlich</marc:subfield>
   </marc:datafield>
   <marc:datafield ind1=" " ind2="1" tag="264">
      <marc:subfield code="a">München</marc:subfield>
      <marc:subfield code="b">Audio Media</marc:subfield>
   </marc:datafield>
   <marc:datafield ind1="1" ind2=" " tag="520">
      <marc:subfield code="a">Angaben aus der Verlagsmeldung

Das Zehn-Minuten-Projekt / von Chiara Gamberale

Eigentlich war Chiaras Leben perfekt. Doch plötzlich wird ihr der Boden unter den Füßen weggezogen: Ihr Mann verlässt sie für eine Jüngere und ihre Magazin-Kolumne wird gestrichen. Nun steht die 35-Jährige mit leeren Händen da und kann sich auch ihr schönes Landhaus nicht mehr leisten. Nur widerwillig folgt sie dem Ratschlag der Therapeutin: Sie soll eine Monat lang täglich zehn Minuten etwas Neues probieren. Knalliger Nagellack? Pancakes backen? Einen Fremden küssen? Doch das Wunder geschieht: Chiara beginnt das Leben wieder mit neuen Augen zu sehen.
</marc:subfield>
   </marc:datafield>
   <marc:datafield ind1=" " ind2=" " tag="020">
      <marc:subfield code="a">9783956390173</marc:subfield>
      <marc:subfield code="9">9783956390173</marc:subfield>
   </marc:datafield>
   <marc:datafield ind1=" " ind2=" " tag="300">
      <marc:subfield code="a">4 CDs</marc:subfield>
   </marc:datafield>
</marc:record>
